Statistiken für Schalke 04 Quiz

Klicken Sie hier um das Quiz zu spielen!

Allgemein

  • Dieses Quiz wurde 747 mal gespielt
  • Das Durchschnittsergebnis liegt bei 13 aus 18

Antwortstatistiken

HintAntwort% Korrekt
Rivale im RevierderbyBorussia Dortmund
100%
Eine Fanfreundschaft besteht mit diesem deutschen Verein1. FC Nürnberg
90%
Russisches Unternhmen und Sponsor zwischen 2007 und 2022Gazprom
88%
Schalke verpasste 2001 knapp die Bundesligameisterschaft, wurde aber immerhin...Meister der {Herzen}
88%
Kapitän von Real Madrid, der 2010 für zwei Jahre zu Schalke kam
Raúl
87%
Spitzname für Schalker Spieler oder Name für einen ausgebildeten Bergmann
Knappen
81%
Name des MaskottchensErwin
79%
Dieses Lied wird vor dem Einlaufen angestimmtSteigerlied
79%
Schlachtbetriebinhaber, der zwischen 2001 und 2020 Aufsichtsratschef warClemens Tönnies
76%
Zigarrerauchender Manager (1981-1986 und 1993-2006)Rudi Assauer
76%
Traditionelle FarbeKönigsblau
75%
"Jahrhunderttrainer", der unter anderem 2001 und 2002 den DFB-Pokal gewannHuub Stevens
72%
Stadion, in dem die erste Mannschaft zwischen 1973 und 2001 spielteParkstadion
71%
Spitzname der Mannschaft, die 1997 den UEFA-Pokal gewannEurofighter
70%
Gegner im UEFA-PokalfinaleInter Mailand
67%
Drittbester Torschütze der BundesligageschichteKlaus Fischer
62%
In den 20ern gebräuchliche Kurzpasstaktik, nach der die heutige Stadionzeitung benannt istSchalker Kreisel
54%
An Gott kommt keiner vorbei - außer...?Stan Libuda
34%

Verteilung der Resultate

Perzentil nach korrekt beantworteten Fragen

Anzahl Personen mit jedem Resultat

Ihre Resultats-Entwicklung

Sie haben dieses Quiz noch nicht gespielt